Natural resources of humid tropical Asia

Kaydedildi:
Detaylı Bibliyografya
Materyal Türü: Kitap
Dil:Undetermined
Baskı/Yayın Bilgisi: Paris UNESCO 1974
Konular:
Etiketler: Etiketle
Etiket eklenmemiş, İlk siz ekleyin!
Thư viện lưu trữ: Trung tâm Học liệu Trường Đại học Cần Thơ
LEADER 00431nam a2200157Ia 4500
001 CTU_20740
008 210402s9999 xx 000 0 und d
082 |a 333.75 
082 |b N285 
245 0 |a Natural resources of humid tropical Asia 
260 |a Paris 
260 |b UNESCO 
260 |c 1974 
650 |a economics,natural resources - asia 
904 |i Minh, 971226 
980 |a Trung tâm Học liệu Trường Đại học Cần Thơ